Zborník prác Výskumného ústavu dopravného č. 23

Gespeichert in:
Bibliographische Detailangaben
Format: Buch
Sprache:Slowakisch
Veröffentlicht: Praha Nakladatelství dopravy a spojů 1980
Tags: Tag hinzufügen
Keine Tags, Fügen Sie das erste Tag hinzu!

MARC

LEADER 00000nam a2200000 4500
001 c144088
005 20221220103715.9
041 0 |a slo 
044 |a CZ 
245 1 0 |a Zborník prác Výskumného ústavu dopravného č. 23 
264 1 |a Praha  |b Nakladatelství dopravy a spojů  |c 1980 
300 |a 113 s.